History of modern India (Record no. 394997)

MARC details
000 -LEADER
fixed length control field 00479 a2200193 4500
005 - DATE & TIME
control field 20260210141604.0
008 - FIXED-LENGTH DATA ELEMENTS--GENERAL INFORMATION
fixed length control field 260210b |||||||| |||| 00| 0 eng d
020 ## - ISBN
International Standard Book Number 9789385621147
Price Rs. 995.00
040 ## - CATALOGING SOURCE
Original cataloging agency VIVEKANANDA LIBRARY
082 ## - DDC NUMBER
Classification number 954.03
Book Number V59H
100 ## - MAIN ENTRY--PERSONAL NAME
Personal name Verma, B P
245 ## - TITLE STATEMENT
Title History of modern India
260 ## - PUBLICATION, DISTRIBUTION, ETC. (IMPRINT)
Name of publisher, distributor, etc Nisha Publications
Date of publication, distribution, etc 2024
Place of publication, distribution, etc New Delhi
300 ## - PHYSICAL DESCRIPTION
Pages viii, 320
650 ## - Subject
Subject History
650 ## - Subject
Subject India
650 ## - Subject
Subject Modern Period- India
942 ## - ADDED ENTRY ELEMENTS (KOHA)
Koha item type Books
Holdings
Withdrawn status Lost status Source of classification or shelving scheme Damaged status Not for loan Location (home branch) Sublocation or collection (holding branch) Shelving location Date acquired Koha issues (times borrowed) Koha full call number Accession No. Koha date last seen Koha item type
    Dewey Decimal Classification     VIVEKANANDA LIBRARY VIVEKANANDA LIBRARY Vivekananda Library 22/01/2026   954.03 V59H 444368 22/01/2026 Books
© Designed and Maintained by Vivekananda Library, MDU Rohtak